Pomológia [2] Marhule, broskyne, slivkoviny, drobné ovocie a menej rozšírené ovocné druhy

Gespeichert in:
Bibliographische Detailangaben
Hauptverfasser: Hričovský, Ivan, 1932-, Benediková, Daniela (Verfasst von), Braun, Ján (Verfasst von), Cagáňová, Irena (Verfasst von), Macejková, Ľuboslava (Verfasst von), Michálek, Samuel (Verfasst von, Illustrationen), Paulen, Oleg (Verfasst von), Šebo, Miloš (Verfasst von), Šidová, Eva (Verfasst von, Illustrationen), Varga, Marián 1947-2017 (Verfasst von)
Weitere Verfasser: Richter, Miloslav (Illustrationen)
Format: Buch
Sprache:Slowakisch
Veröffentlicht: [Bratislava] Nezávislosť [2001]
Schlagworte:
Online-Zugang:Im OPAC anzeigen
Tags: Tag hinzufügen
Keine Tags, Fügen Sie das erste Tag hinzu!

MARC

LEADER 00000nam a2200000 a 4500
005 20260127191016.0
008 160415s2001 xo aa r y 0 slo
015 |a SNBA2002/09-02960 
020 |a 8085217643 
035 |a vtls001425948 
035 |a SNK000380872 
035 |a urn:nbn:sk:snk-amknrz 
035 |a urn:nbn:sk:snk-am008eta 
035 |a C9F67354-84DD-47C4-9CD3-07047EF3C5A8 
039 9 |a 201708092321  |b AUTHORITY  |c 201604151732  |d VLOAD  |c 201602221058  |d AUTHORITY  |c 201602081857  |d VLOAD  |y 200412291627  |z VLOAD 
040 |a SNK  |b slo  |c SNK  |d STUSCHK1  |e AACR2 
041 0 |a slo 
044 |a xo  |c SK 
080 |a 634  |2 1. stred. slo 
090 |a B 32990-2 
100 1 |a Hričovský, Ivan,  |d 1932-  |9 769 
245 1 |a Pomológia  |n [2]  |p Marhule, broskyne, slivkoviny, drobné ovocie a menej rozšírené ovocné druhy  |c Hričovský Ivan a kolektív 
260 |a [Bratislava]  |b Nezávislosť  |c [2001] 
300 |a 408 s.  |b fareb. fotogr., ilustr.  |c 25 cm 
500 |a Fotogr. na front. 
500 |a Údaj o ilustr. prevzatý z rubu tit. strany 
500 |a Ilustr. Samuel Michálek, Miloslav Richter, Eva Šidová 
504 |a Bibliogr. 402-403. Reg. 
650 0 7 |a pomológia  |x monografie  |2 SNK 
655 7 |a príručky  |2 SNK 
700 1 |a Benediková, Daniela  |4 aut  |9 604 
700 1 |a Braun, Ján  |4 aut 
700 1 |a Cagáňová, Irena  |4 aut  |9 510 
700 1 |a Macejková, Ľuboslava  |4 aut 
700 1 |a Michálek, Samuel  |4 aut  |4 ill 
700 1 |a Paulen, Oleg  |4 aut  |9 1071 
700 1 |a Šebo, Miloš  |4 aut 
700 1 |a Šidová, Eva  |4 aut  |4 ill 
700 1 |a Varga, Marián  |d 1947-2017  |4 aut  |9 759 
700 1 |a Richter, Miloslav  |4 ill 
910 |a SCHK95 
919 |a 80-85217-64-3 
958 |a TL 
958 |a NB 
999 |c 3306  |d 3306